Statistics for How many country borders does this country have

Click here to take the quiz!

General Stats

  • This quiz has been taken 34 times
  • The average score is 244 of 320

Answer Stats

QuestionTileSelect% Correct
How many borders does Romania have?10No
91%
How many borders does Burundi have?10No
91%
How many borders does Seychelles have?10No
91%
How many borders does Suriname have?10No
91%
How many borders does Romania have?11No
91%
How many borders does Seychelles have?11No
91%
How many borders does Suriname have?11No
91%
How many borders does Burundi have?11No
91%
How many borders does Burundi have?12No
91%
How many borders does Suriname have?12No
91%
How many borders does Romania have?12No
91%
How many borders does Seychelles have?12No
91%
How many borders does Burundi have?13No
91%
How many borders does Suriname have?13No
91%
How many borders does Seychelles have?13No
91%
How many borders does Romania have?13No
91%
How many borders does Seychelles have?14No
91%
How many borders does Burundi have?14No
91%
How many borders does Romania have?14No
91%
How many borders does Suriname have?14No
91%
How many borders does Suriname have?15No
91%
How many borders does Burundi have?15No
91%
How many borders does Romania have?15No
91%
How many borders does Seychelles have?15No
91%
How many borders does Seychelles have?2No
91%
How many borders does Seychelles have?3No
91%
How many borders does Suriname have?5No
91%
How many borders does Seychelles have?5No
91%
How many borders does Seychelles have?6No
91%
How many borders does Suriname have?6No
91%
How many borders does Romania have?7No
91%
How many borders does Suriname have?7No
91%
How many borders does Seychelles have?7No
91%
How many borders does Burundi have?7No
91%
How many borders does Romania have?8No
91%
How many borders does Seychelles have?8No
91%
How many borders does Burundi have?8No
91%
How many borders does Suriname have?8No
91%
How many borders does Romania have?9No
91%
How many borders does Seychelles have?9No
91%
How many borders does Suriname have?9No
91%
How many borders does Burundi have?9No
91%
How many borders does Seychelles have?1No
86%
How many borders does Romania have?1No
86%
How many borders does Burundi have?1No
86%
How many borders does Malawi have?10No
86%
How many borders does Poland have?10No
86%
How many borders does Malawi have?11No
86%
How many borders does Poland have?11No
86%
How many borders does China have?11No
86%
How many borders does Malawi have?12No
86%
How many borders does Poland have?12No
86%
How many borders does Poland have?13No
86%
How many borders does Malawi have?13No
86%
How many borders does Malawi have?14No
86%
How many borders does Poland have?14No
86%
How many borders does China have?15No
86%
How many borders does Malawi have?15No
86%
How many borders does Poland have?15No
86%
How many borders does Romania have?2No
86%
How many borders does Burundi have?2No
86%
How many borders does Romania have?3No
86%
How many borders does Seychelles have?4No
86%
How many borders does Suriname have?4No
86%
How many borders does Malawi have?6No
86%
How many borders does Burundi have?6No
86%
How many borders does Malawi have?8No
86%
How many borders does Malawi have?9No
86%
How many borders does Poland have?9No
86%
How many borders does China have?China doesn't have any bordersNo
86%
How many borders does China have?1No
82%
How many borders does the Democratic Republic of the Congo have?1No
82%
How many borders does Poland have?1No
82%
How many borders does Malawi have?1No
82%
How many borders does Tajikistan have?1No
82%
How many borders does Yemen have?1No
82%
How many borders does Suriname have?1No
82%
How many borders does Vanuatu have?10No
82%
How many borders does Tajikistan have?10No
82%
How many borders does Belize have?10No
82%
How many borders does Yemen have?10No
82%
How many borders does Uganda have?10No
82%
How many borders does Tajikistan have?11No
82%
How many borders does Yemen have?11No
82%
How many borders does Uganda have?11No
82%
How many borders does Vanuatu have?11No
82%
How many borders does Belize have?11No
82%
How many borders does Yemen have?12No
82%
How many borders does the Democratic Republic of the Congo have?12No
82%
How many borders does Vanuatu have?12No
82%
How many borders does Uganda have?12No
82%
How many borders does Tajikistan have?12No
82%
How many borders does Belize have?12No
82%
How many borders does Yemen have?13No
82%
How many borders does the Democratic Republic of the Congo have?13No
82%
How many borders does France have? (including French overseas departments,collectivities, and territories)13No
82%
How many borders does Belize have?13No
82%
How many borders does Tajikistan have?13No
82%
How many borders does Uganda have?13No
82%
How many borders does China have?13No
82%
How many borders does Vanuatu have?13No
82%
How many borders does Belize have?14No
82%
How many borders does Yemen have?14No
82%
How many borders does France have? (including French overseas departments,collectivities, and territories)14No
82%
How many borders does Uganda have?14No
82%
How many borders does the Democratic Republic of the Congo have?14No
82%
How many borders does Vanuatu have?14No
82%
How many borders does Tajikistan have?14No
82%
How many borders does Uganda have?15No
82%
How many borders does France have? (including French overseas departments,collectivities, and territories)15No
82%
How many borders does Tajikistan have?15No
82%
How many borders does Yemen have?15No
82%
How many borders does Belize have?15No
82%
How many borders does the Democratic Republic of the Congo have?15No
82%
How many borders does Vanuatu have?15No
82%
How many borders does the Democratic Republic of the Congo have?2No
82%
How many borders does China have?2No
82%
How many borders does Poland have?2No
82%
How many borders does Suriname have?2No
82%
How many borders does Tajikistan have?2No
82%
How many borders does Tajikistan have?3No
82%
How many borders does the Democratic Republic of the Congo have?3No
82%
How many borders does China have?4No
82%
How many borders does Belize have?4No
82%
How many borders does Vanuatu have?4No
82%
How many borders does Vanuatu have?5No
82%
How many borders does China have?5No
82%
How many borders does Burundi have?5No
82%
How many borders does Malawi have?5No
82%
How many borders does Belize have?5No
82%
How many borders does Yemen have?6No
82%
How many borders does Vanuatu have?6No
82%
How many borders does China have?6No
82%
How many borders does Yemen have?7No
82%
How many borders does Malawi have?7No
82%
How many borders does Tajikistan have?7No
82%
How many borders does Vanuatu have?7No
82%
How many borders does Belize have?8No
82%
How many borders does Poland have?8No
82%
How many borders does Tajikistan have?8No
82%
How many borders does Vanuatu have?8No
82%
How many borders does Yemen have?8No
82%
How many borders does Belize have?9No
82%
How many borders does Yemen have?9No
82%
How many borders does Vanuatu have?9No
82%
How many borders does Uganda have?9No
82%
How many borders does Tajikistan have?9No
82%
How many borders does Malawi have?Malawi doesn't have any bordersNo
82%
How many borders does Poland have?Poland doesn't have any bordersNo
82%
How many borders does Romania have?Romania doesn't have any bordersNo
82%
How many borders does Yemen have?Yemen doesn't have any bordersNo
82%
How many borders does Belize have?1No
77%
How many borders does Niger have?1No
77%
How many borders does Mali have?1No
77%
How many borders does Zambia have?1No
77%
How many borders does Tanzania have?1No
77%
How many borders does Vanuatu have?1No
77%
How many borders does Liberia have?1No
77%
How many borders does Serbia have?1No
77%
How many borders does Uganda have?1No
77%
How many borders does France have? (including French overseas departments,collectivities, and territories)1No
77%
How many borders does China have?10No
77%
How many borders does Tanzania have?10No
77%
How many borders does Mali have?10No
77%
How many borders does Niger have?10No
77%
How many borders does Zambia have?10No
77%
How many borders does the Democratic Republic of the Congo have?10No
77%
How many borders does Mali have?11No
77%
How many borders does Tanzania have?11No
77%
How many borders does Liberia have?11No
77%
How many borders does Zambia have?11No
77%
How many borders does the Democratic Republic of the Congo have?11No
77%
How many borders does Serbia have?11No
77%
How many borders does Niger have?11No
77%
How many borders does Zambia have?12No
77%
How many borders does Liberia have?12No
77%
How many borders does Tanzania have?12No
77%
How many borders does Mali have?12No
77%
How many borders does Niger have?12No
77%
How many borders does China have?12No
77%
How many borders does Serbia have?12No
77%
How many borders does France have? (including French overseas departments,collectivities, and territories)12No
77%
How many borders does Liberia have?13No
77%
How many borders does Zambia have?13No
77%
How many borders does Niger have?13No
77%
How many borders does Mali have?13No
77%
How many borders does Tanzania have?13No
77%
How many borders does Serbia have?13No
77%
How many borders does Niger have?14No
77%
How many borders does Zambia have?14No
77%
How many borders does Mali have?14No
77%
How many borders does Liberia have?14No
77%
How many borders does Tanzania have?14No
77%
How many borders does Serbia have?14No
77%
How many borders does Tanzania have?15No
77%
How many borders does Serbia have?15No
77%
How many borders does Liberia have?15No
77%
How many borders does Mali have?15No
77%
How many borders does Zambia have?15No
77%
How many borders does Niger have?15No
77%
How many borders does Liberia have?2No
77%
How many borders does Uganda have?2No
77%
How many borders does Serbia have?2No
77%
How many borders does Tanzania have?2No
77%
How many borders does Zambia have?2No
77%
How many borders does Niger have?2No
77%
How many borders does Mali have?2No
77%
How many borders does Vanuatu have?2No
77%
How many borders does France have? (including French overseas departments,collectivities, and territories)2No
77%
How many borders does Serbia have?3No
77%
How many borders does France have? (including French overseas departments,collectivities, and territories)3No
77%
How many borders does China have?3No
77%
How many borders does Poland have?3No
77%
How many borders does Yemen have?3No
77%
How many borders does Tanzania have?3No
77%
How many borders does Mali have?3No
77%
How many borders does Yemen have?4No
77%
How many borders does Liberia have?4No
77%
How many borders does France have? (including French overseas departments,collectivities, and territories)4No
77%
How many borders does the Democratic Republic of the Congo have?4No
77%
How many borders does Romania have?4No
77%
How many borders does the Democratic Republic of the Congo have?5No
77%
How many borders does Yemen have?5No
77%
How many borders does Serbia have?5No
77%
How many borders does Poland have?5No
77%
How many borders does Tajikistan have?6No
77%
How many borders does the Democratic Republic of the Congo have?6No
77%
How many borders does France have? (including French overseas departments,collectivities, and territories)6No
77%
How many borders does Belize have?6No
77%
How many borders does Liberia have?7No
77%
How many borders does the Democratic Republic of the Congo have?7No
77%
How many borders does France have? (including French overseas departments,collectivities, and territories)7No
77%
How many borders does Belize have?7No
77%
How many borders does China have?7No
77%
How many borders does Liberia have?8No
77%
How many borders does France have? (including French overseas departments,collectivities, and territories)8No
77%
How many borders does Uganda have?8No
77%
How many borders does Niger have?9No
77%
How many borders does Tanzania have?9No
77%
How many borders does Zambia have?9No
77%
How many borders does Liberia have?9No
77%
How many borders does Serbia have?9No
77%
How many borders does France have? (including French overseas departments,collectivities, and territories)9No
77%
How many borders does Mali have?9No
77%
How many borders does Belize have?Belize doesn't have any bordersNo
77%
How many borders does Niger have?Niger doesn't have any bordersNo
77%
How many borders does Suriname have?Suriname doesn't have any bordersNo
77%
How many borders does Serbia have?10No
73%
How many borders does Liberia have?10No
73%
How many borders does Malawi have?2No
73%
How many borders does Zambia have?3No
73%
How many borders does Vanuatu have?3No
73%
How many borders does Belize have?3No
73%
How many borders does Uganda have?3No
73%
How many borders does Tanzania have?4No
73%
How many borders does Mali have?4No
73%
How many borders does Poland have?4No
73%
How many borders does Niger have?4No
73%
How many borders does Tajikistan have?5No
73%
How many borders does France have? (including French overseas departments,collectivities, and territories)5No
73%
How many borders does Liberia have?5No
73%
How many borders does Zambia have?5No
73%
How many borders does Mali have?5No
73%
How many borders does Tanzania have?5No
73%
How many borders does Liberia have?6No
73%
How many borders does Poland have?6No
73%
How many borders does Tanzania have?7No
73%
How many borders does Zambia have?7No
73%
How many borders does Uganda have?7No
73%
How many borders does Niger have?8No
73%
How many borders does the Democratic Republic of the Congo have?8No
73%
How many borders does Mali have?8No
73%
How many borders does China have?8No
73%
How many borders does China have?9No
73%
How many borders does France have? (including French overseas departments,collectivities, and territories)France doesn't have any bordersNo
73%
How many borders does Liberia have?Liberia doesn't have any bordersNo
73%
How many borders does Mali have?Mali doesn't have any bordersNo
73%
How many borders does Tajikistan have?Tajikistan doesn't have any bordersNo
73%
How many borders does the Democratic Republic of the Congo have?The D.R.C doesn't have any bordersNo
73%
How many borders does Uganda have?Uganda doesn't have any bordersNo
73%
How many borders does Niger have?3No
68%
How many borders does Uganda have?4No
68%
How many borders does Burundi have?4No
68%
How many borders does Serbia have?4No
68%
How many borders does Niger have?5No
68%
How many borders does Uganda have?6No
68%
How many borders does Tanzania have?6No
68%
How many borders does Romania have?6No
68%
How many borders does Zambia have?6No
68%
How many borders does Burundi have?Burundi doesn't have any bordersNo
68%
How many borders does Serbia have?Serbia doesn't have any bordersNo
68%
How many borders does Seychelles have?Seychelles doesn't have any bordersYes
68%
How many borders does Tanzania have?Tanzania doesn't have any bordersNo
68%
How many borders does Zambia have?Zambia doesn't have any bordersNo
68%
How many borders does France have? (including French overseas departments,collectivities, and territories)10No
64%
How many borders does Zambia have?4No
64%
How many borders does Malawi have?4No
64%
How many borders does Niger have?6No
64%
How many borders does Serbia have?6No
64%
How many borders does Mali have?6No
64%
How many borders does Serbia have?7No
59%
How many borders does Suriname have?3Yes
36%
How many borders does Yemen have?2Yes
32%
How many borders does China have?14Yes
27%
How many borders does Vanuatu have?Vanuatu doesn't have any bordersYes
27%
How many borders does Liberia have?3Yes
23%
How many borders does Burundi have?3Yes
23%
How many borders does Malawi have?3Yes
18%
How many borders does Tajikistan have?4Yes
18%
How many borders does Romania have?5Yes
18%
How many borders does France have? (including French overseas departments,collectivities, and territories)11Yes
14%
How many borders does Belize have?2Yes
14%
How many borders does Uganda have?5Yes
14%
How many borders does Poland have?7Yes
14%
How many borders does Mali have?7Yes
14%
How many borders does Tanzania have?8Yes
9%
How many borders does the Democratic Republic of the Congo have?9Yes
9%
How many borders does Niger have?7Yes
5%
How many borders does Zambia have?8Yes
5%
How many borders does Serbia have?8Yes
5%

Score Distribution

Percentile by Number Answered

Percent of People with Each Score

Your Score History

You have not taken this quiz